000 00626nam a2200229Ia 4500
003 OSt
005 20221005045447.0
006 a|||||r|||| 00| 0
007 ta
008 221004b |||||||| |||| 00| 0 mal d
024 _a58612
037 _cTextual
040 _aCRL
_cCRL
_bmal
041 _2mal
_amal
082 _aO32,6N171x, K1
100 _aKurup Nagavalli R.S.
_9593617
245 0 _aThonnalkurunnukal
260 _aKokttayam
_bManorama Pub India
_c1961
650 _aMALAYALAM LITERATURE
_938866
942 _hO32,6N171x, K1
_cTEXL
_2cc
999 _c955049
_d955049